000 00707nam a2200181 4500
001 111704
003 ES-MaACL
005 20230906185339.0
007 t|
008 061121s1984 sp r ||||1| spa d
245 0 0 _aOrganización territorial del Estado
_b: ( comunidades autónomas) : volumen I.
260 _aMadrid :
_bInstituto de Estudios Fiscales,
_c1984 (
_fFábrica Nacional de la Moneda y Timbre)
300 _a4 v. ;
_c24 cm.
500 _aPrecede al Tit : Dirección General de lo Contencioso del Estado.
710 2 _aInstituto de Estudios Fiscales (España)
_9169207
710 0 0 _aEspaña.
_bDirección General de lo Contencioso del Estado.
_93750
852 _aES-MaACL
_jL-8793-6
_bR.107707
999 _c111704
_d111704